Prem prakash (Record no. 1235786)

MARC details
000 -LEADER
fixed length control field 00628nam a2200229Ia 4500
005 - DATE AND TIME OF LATEST TRANSACTION
control field 20250108125125.0
008 - FIXED-LENGTH DATA ELEMENTS--GENERAL INFORMATION
fixed length control field 008 250107s9999 xx 000 0 eng d
020 ## - INTERNATIONAL STANDARD BOOK NUMBER
International Standard Book Number 978-93-93785-72-5
037 ## - SOURCE OF ACQUISITION
Stock number TB
040 ## - CATALOGING SOURCE
Original cataloging agency CRL
Language of cataloging eng
Transcribing agency CRL
041 ## - LANGUAGE CODE
Language code of text/sound track or separate title sin
Source of code eng
084 ## - COLON CLASSIFICATION NUMBER
Classification number 4,1:(Y5927) 152Q7
084 ## - COLON CLASSIFICATION NUMBER
Assigning agency CRL
100 ## - MAIN ENTRY--PERSONAL NAME
Personal name Lachhani Jagdish Au.
9 (RLIN) 730436
245 #0 - TITLE STATEMENT
Title Prem prakash
Statement of responsibility, etc. Lachhani Jagdish Au.
260 ## - PUBLICATION, DISTRIBUTION, ETC.
Place of publication, distribution, etc. Ulhasnagar, India
Name of publisher, distributor, etc. Veena Publication
Date of publication, distribution, etc. 3398
300 ## - PHYSICAL DESCRIPTION
Extent 234p.
365 ## - TRADE PRICE
Price type code INR
Price amount 1195
650 ## - SUBJECT ADDED ENTRY--TOPICAL TERM
Topical term or geographic name entry element SINDHI LITERATURE
942 ## - ADDED ENTRY ELEMENTS (KOHA)
Koha item type Textbook
Classification part 4,1:(Y5927) 152Q7
Holdings
Withdrawn status Lost status Damaged status Not for loan Home library Current library Date acquired Source of acquisition Cost, normal purchase price Total Checkouts Full call number Barcode Date last seen Price effective from Koha item type
        Central Library Central Library 2025-01-08 Gift, 16/10/2024, 1195.00   O1593wN39 Q8 CL1699410 2025-01-08 2025-01-08 Textbook
Copyright @ Delhi University Library System